CAN 2025/2026 - Équipes de Football - Statistiques

Statistiques générales
  • Ce quiz a été pris 776 fois
    548 depuis la dernière actualisation
  • Le résultat moyen est 19 sur 24
Statistiques - réponses
Équipe % Correct
Algérie
99%
Maroc
99%
Sénégal
98%
Égypte
94%
Mali
92%
Nigéria
92%
RD Congo
92%
Tunisie
92%
Côte d'Ivoire
91%
Cameroun
89%
Afrique du Sud
86%
Comores
76%
Zambie
76%
Soudan
74%
Gabon
69%
Tanzanie
69%
Angola
68%
Burkina Faso
68%
Bénin
66%
Guinée Équatoriale
64%
Zimbabwe
62%
Mozambique
60%
Botswana
59%
Ouganda
58%
Aucun quiz correspondant
Distribution des résultats
% des personnes avec chaque résultat
Percentile par nombre de réponses
Votre historique - résultats
Vous n’avez pas pris ce quiz depuis la dernière actualisation